Skip to main content
Your cart is empty.
Your lists
Log in to create your own lists
Your cookies
العربية
English
العربية
Home
Search
Advanced search
Authority search
About
The noble scholar, jurist, historian
His Excellency Dr. Abdul Wahhab bin Ibrahim Abu Sulaiman, may Allah have mercy on him.
He was born in Umm Al-Qura in the year 1356 AH.
Library catalog
Title
Author
Subject
ISBN
ISSN
Series
Call number
Log in to your account
×
Login:
Password:
Home
MARC view: التحفة النبهانية في تاريخ الجزيرة العربية /
Normal view
MARC view
ISBD view
التحفة النبهانية في تاريخ الجزيرة العربية / (Record no. 5161)
[
view plain
]
MARC details
000 -LEADER
fixed length control field
02490cam a2200289 i 4500
003 - CONTROL NUMBER IDENTIFIER
control field
SA-RiAUC
005 - DATE AND TIME OF LATEST TRANSACTION
control field
20250125055738.0
008 - FIXED-LENGTH DATA ELEMENTS--GENERAL INFORMATION
fixed length control field
250121s1986 le g f000 0 ara c
024 0# - OTHER STANDARD IDENTIFIER
Standard number or code
00000000734933
040 ## - CATALOGING SOURCE
Original cataloging agency
SA-JeALM
Language of cataloging
ara
Transcribing agency
SA-RiAUC
Description conventions
rda
043 ## - GEOGRAPHIC AREA CODE
Geographic area code
ar-----
082 04 - DEWEY DECIMAL CLASSIFICATION NUMBER
Classification number
953.001
Assigning agency
SA-RiAUC
090 ## - LOCALLY ASSIGNED LC-TYPE CALL NUMBER (OCLC); LOCAL CALL NUMBER (RLIN)
Classification number (OCLC) (R) ; Classification number, CALL (RLIN) (NR)
953.001
Local cutter number (OCLC) ; Book number/undivided call number, CALL (RLIN)
ن ب هـ
100 1# - MAIN ENTRY--PERSONAL NAME
Personal name
النبهاني، محمد بن خليفة بن حمد،
Dates associated with a name
1884-1950
Relator term
مؤلف.
245 12 - TITLE STATEMENT
Title
التحفة النبهانية في تاريخ الجزيرة العربية /
Statement of responsibility, etc.
تأليف العلامة الشيخ محمد ابن الشيخ خليفة بن حمد ابن موسى النبهاني الطائي.
250 ## - EDITION STATEMENT
Edition statement
الطبعة الأولى.
264 #1 - PRODUCTION, PUBLICATION, DISTRIBUTION, MANUFACTURE, AND COPYRIGHT NOTICE
Place of production, publication, distribution, manufacture
بيروت :
--
البحرين :
Name of producer, publisher, distributor, manufacturer
دار إحياء العلوم ؛
--
المكتبة الوطنية،
Date of production, publication, distribution, manufacture, or copyright notice
1986.
300 ## - PHYSICAL DESCRIPTION
Extent
488 صفحة ؛
Dimensions
24 × 17 سم
336 ## - CONTENT TYPE
Content type term
نص
Content type code
txt
Source
rdacontent
Materials specified
كتاب
337 ## - MEDIA TYPE
Media type term
بدون وسيط
Media type code
n
Source
rdamedia
338 ## - CARRIER TYPE
Carrier type term
مجلد
Carrier type code
nc
Source
rdacarrier
520 ## - SUMMARY, ETC.
Summary, etc.
ظل جانب مهم من تاريخ إمارات في جزيرة العرب، غير مطروق حتى ارتأى مؤلف هذا الكتاب أن يضع مؤلفه الذي يحوي مجمل تاريخها القديم ومفصل تاريخها الحديث، وهو في كل هذا مدفوع برغبة ملحة في الكشف عن جانب طالما أهمله المؤرخون. فاستنطق مبعثر الأوراق كما يقول، والدفاتر ليقف على صحيح الرواية ويحيط بأغلب الوقائع والحوادث. فعمد إلى السجلات المحفوظة في دار الأسفار وطلب ما لدى العلماء وعلية القوم من المأثور فمدوه بوافر من المعلومات والوثائق وأخبروه جملة من الحوادث التاريخية المهمة. وقد تمكن في هذا الكتاب من الوقوف على أحوال البلاد التي درسها، وعرض لشؤون أهلها وعوائدهم ما يعطي صورة مفصلة حقيقية عما كانت عليهم أمور دنياهم وفي الكتاب وصف لطبيعة الجزيرة العربية وبيئتها وأحوال أهلها ومعاشهم، ومآثرهم.
651 #7 - SUBJECT ADDED ENTRY--GEOGRAPHIC NAME
Geographic name
شبه الجزيرة العربية
General subdivision
تاريخ
Source of heading or term
aucsh
651 #7 - SUBJECT ADDED ENTRY--GEOGRAPHIC NAME
Geographic name
شبه الجزيرة العربية
General subdivision
حضارة
Source of heading or term
aucsh
942 ## - ADDED ENTRY ELEMENTS (KOHA)
Source of classification or shelving scheme
Dewey Decimal Classification
Koha item type
Books
Suppress in OPAC
No
949 ## - LOCAL PROCESSING INFORMATION (OCLC)
a
SA-JeALM
d
250121
u
osman123
n
1
Holdings
Withdrawn status
Lost status
Source of classification or shelving scheme
Damaged status
Not for loan
Home library
Current library
Date acquired
Total checkouts
Full call number
Barcode
Date last seen
Price effective from
Koha item type
Dewey Decimal Classification
DR AbdElwahab Library
DR AbdElwahab Library
01/25/2025
953.001 ن ب هـ
000008294
01/25/2025
01/25/2025
Books
Place hold
Print
Add to your cart
(remove)
Save record
BIBTEX
Dublin Core
MARCXML
MARC (non-Unicode/MARC-8)
MARC (Unicode/UTF-8)
MARC (Unicode/UTF-8, Standard)
MODS (XML)
RIS
ISBD
More searches
Search for this title in:
Other Libraries (WorldCat)
Other Databases (Google Scholar)
Online Stores (Bookfinder.com)
Open Library (openlibrary.org)
Exporting to Dublin Core...
×
Simple DC-RDF
OAI-DC
SRW-DC